[Event "Winter Blitz"]
[Site "SchemingMind.com"]
[Date "2007.01.19"]
[Round "-"]
[White "Efren ramos"]
[Black "Zugzwang"]
[Result "1-0"]
[WhiteCountry "NCA"]
[BlackCountry "CAN"]
[WhiteElo "1847"]
[WhiteRD "104"]
[BlackElo "1485"]
[BlackRD "58"]
[GameID "87874"]

1. Nf3 d5 2. d4 Nf6 3. c4 e6 4. g3 b6 5. Bg2 Bb7 6. Nc3 Bb4 7. Qa4+ Nc6 8. Ne5 Qd6 9. Bf4 Rg8 10. O-O Bxc3
11. bxc3 Kf8 12. Nxc6 Bxc6 13. Bxd6+
1-0

[Event "Winter Blitz"]
[Site "SchemingMind.com"]
[Date "2007.01.21"]
[Round "-"]
[White "Zugzwang"]
[Black "Efren ramos"]
[Result "0-1"]
[WhiteCountry "CAN"]
[BlackCountry "NCA"]
[WhiteElo "1446"]
[WhiteRD "58"]
[BlackElo "1804"]
[BlackRD "88"]
[GameID "87875"]

1. d4 Nf6 2. Nf3 d5 3. e3 c6 4. Bd3 Bg4 5. c4 e6 6. Qb3 Qc7 7. Nc3 Nbd7 8. Ne5 Nxe5 9. dxe5 Nd7 10. f4 Nc5
11. Qc2 Nxd3+ 12. Qxd3 Bb4 13. O-O O-O 14. Bd2 Rad8 15. Rad1 Bxd1 16. Rxd1 dxc4 17. Qxc4 Bxc3 18. Qxc3 Qb6 19. g3 Rd5 20. Rb1 Rfd8
21. Be1 Rd3 22. Qc1 h6 23. Bf2 Qb5 24. Qc2 Rd2 25. Qb3 Qe2 26. Rf1 Rd1 27. Rxd1 Rxd1+ 28. Kg2 Qf1+ 29. Kf3 Rd2
0-1

[Event "Winter Blitz"]
[Site "SchemingMind.com"]
[Date "2007.01.20"]
[Round "-"]
[White "jp781"]
[Black "Zugzwang"]
[Result "1-0"]
[WhiteCountry "USA"]
[BlackCountry "CAN"]
[WhiteElo "1882"]
[WhiteRD "91"]
[BlackElo "1446"]
[BlackRD "58"]
[GameID "88008"]

1. e4 e5 2. Nf3 Nf6 3. Nxe5 d6 4. Nf3 Nxe4 5. d4 d5 6. Bd3 Bd6 7. O-O O-O 8. c4 Bg4 9. cxd5 f5 10. Nc3 Nd7
11. h3 Bh5 12. Be2 Bxf3 13. Bxf3 Ndf6 14. Qc2 Re8 15. Be3 a5 16. Rfe1 Ra6 17. Be2 Rb6 18. Na4 Rb5 19. Bxb5 Re7 20. g3 Bb4
21. Rec1 Qxd5 22. Bc4
1-0

[Event "Winter Blitz"]
[Site "SchemingMind.com"]
[Date "2007.01.21"]
[Round "-"]
[White "jp781"]
[Black "Efren ramos"]
[Result "1-0"]
[WhiteCountry "USA"]
[BlackCountry "NCA"]
[WhiteElo "1882"]
[WhiteRD "91"]
[BlackElo "1804"]
[BlackRD "88"]
[GameID "88009"]

1. d4 d5 2. Nf3 c6 3. c4 Nf6 4. Nc3 dxc4 5. a4 Bf5 6. e3 e6 7. Bxc4 Bb4 8. O-O Nbd7 9. Qb3 a5 10. Na2 c5
11. Rd1 Qc7 12. h3 O-O 13. Bd2 Ne4 14. Nxb4 cxb4 15. Rac1 Qd6 16. d5 Ndc5 17. Qa2 Rac8 18. Nd4 Nxd2 19. Rxd2 Ne4 20. Rdd1
1-0

[Event "Winter Blitz"]
[Site "SchemingMind.com"]
[Date "2007.01.20"]
[Round "-"]
[White "Zugzwang"]
[Black "jp781"]
[Result "0-1"]
[WhiteCountry "CAN"]
[BlackCountry "USA"]
[WhiteElo "1446"]
[WhiteRD "58"]
[BlackElo "1882"]
[BlackRD "91"]
[GameID "88010"]

1. d4 Nf6 2. Nf3 g6 3. b3 Bg7 4. Bb2 d6 5. e3 O-O 6. Be2 Nbd7 7. O-O b6 8. c4 Bb7 9. Nc3 c6 10. e4 c5
11. d5 Nxe4 12. Qd3 Nef6 13. Rae1 a6 14. a4 Qc7 15. Ng5 h6 16. Nh3 Ne5 17. Qe3 Rfe8 18. f4 Neg4 19. Qg3 h5 20. Bd3 Bc8
21. Ne4 Nxe4 22. Bxe4 Bxb2 23. f5 Be5 24. Qd3 f6 25. fxg6 Kg7 26. g3 Bd7 27. Ng5 fxg5 28. Rf7+ Kg8 29. Ref1 Bf6 30. g7 Kxf7
31. Bg6+ Kxg7 32. Bh7 Ne5 33. Qg6+ Nxg6
0-1

[Event "Winter Blitz"]
[Site "SchemingMind.com"]
[Date "2007.01.21"]
[Round "-"]
[White "Efren ramos"]
[Black "jp781"]
[Result "0-1"]
[WhiteCountry "NCA"]
[BlackCountry "USA"]
[WhiteElo "1804"]
[WhiteRD "88"]
[BlackElo "1882"]
[BlackRD "91"]
[GameID "88011"]

1. e4 c5 2. Nf3 d6 3. d4 Nf6 4. Nc3 cxd4 5. Nxd4 a6 6. Bg5 e6 7. f4 Be7 8. Qf3 Qc7 9. O-O-O Nbd7 10. g4 b5
11. Bxf6 Nxf6 12. g5 Nd7 13. f5 Nc5 14. f6 gxf6 15. gxf6 Bf8 16. Rg1 b4 17. Nd5 exd5 18. exd5 Nd7 19. Nc6 Bb7 20. Bh3 Ne5
21. Nxe5 dxe5 22. Rg7 Bxg7 23. fxg7 Rg8
0-1

[Event "Winter Blitz"]
[Site "SchemingMind.com"]
[Date "2007.01.22"]
[Round "-"]
[White "tacticrules"]
[Black "Zugzwang"]
[Result "1/2-1/2"]
[WhiteCountry "GER"]
[BlackCountry "CAN"]
[WhiteElo "1573"]
[WhiteRD "53"]
[BlackElo "1446"]
[BlackRD "58"]
[GameID "88159"]

1. e4 e5 2. Nf3 Nf6 3. Nxe5 d6 4. Nf3 Nxe4 5. d4 d5 6. Bd3 Bd6 7. O-O O-O 8. c4 Bg4 9. Nc3 Nxc3 10. bxc3 Re8
11. cxd5 Nd7 12. h3 Bxf3 13. Qxf3 Nf6 14. Bg5 h6 15. Bxf6 Qxf6 16. Qxf6 gxf6 17. Rfe1=
1/2-1/2

[Event "Winter Blitz"]
[Site "SchemingMind.com"]
[Date "2007.01.22"]
[Round "-"]
[White "tacticrules"]
[Black "Efren ramos"]
[Result "0-1"]
[WhiteCountry "GER"]
[BlackCountry "NCA"]
[WhiteElo "1573"]
[WhiteRD "53"]
[BlackElo "1804"]
[BlackRD "88"]
[GameID "88160"]

1. e4 c5 2. Nc3 Nc6 3. g3 g6 4. Bg2 Bg7 5. d3 d6 6. Nf3 e6 7. Be3 Nge7 8. O-O O-O 9. Qd2 Rb8 10. a4 a6
11. Bh6 Nd4 12. Bxg7 Kxg7 13. Ne2 Nxf3+ 14. Bxf3 e5 15. c4 f5 16. Bg2 h6 17. f4 Nc6 18. exf5 gxf5 19. fxe5 dxe5 20. Rac1 Qg5
0-1

[Event "Winter Blitz"]
[Site "SchemingMind.com"]
[Date "2007.01.22"]
[Round "-"]
[White "tacticrules"]
[Black "jp781"]
[Result "0-1"]
[WhiteCountry "GER"]
[BlackCountry "USA"]
[WhiteElo "1573"]
[WhiteRD "53"]
[BlackElo "1882"]
[BlackRD "91"]
[GameID "88161"]

1. e4 c5 2. Nc3 d6 3. g3 Nc6 4. Bg2 g6 5. d3 Bg7 6. Nf3 Nf6 7. O-O O-O 8. Re1 e5 9. Bg5 Be6 10. Qd2 Qd7
11. Bh6 Ng4 12. Bxg7 Kxg7 13. Nd5 h6 14. h3 Nf6 15. c4 Bxh3 16. Nxf6 Kxf6 17. Qxh6 Rh8 18. Qg5+ Kg7 19. Nh4 Rh5 20. Qe3 f6
21. f4 Nd4 22. fxe5 dxe5 23. Nf3 Nc2 24. Qd2 Nxa1 25. Rxa1 Rah8 26. Kf2 g5 27. Ke3 g4 28. Ne1 Bxg2 29. Qxg2 Qd4+ 30. Ke2 Rh2
0-1

[Event "Winter Blitz"]
[Site "SchemingMind.com"]
[Date "2007.01.22"]
[Round "-"]
[White "Zugzwang"]
[Black "tacticrules"]
[Result "1-0"]
[WhiteCountry "CAN"]
[BlackCountry "GER"]
[WhiteElo "1446"]
[WhiteRD "58"]
[BlackElo "1573"]
[BlackRD "53"]
[GameID "88162"]

1. d4 Nf6 2. Nf3 g6 3. e3 Bg7 4. Be2 O-O 5. O-O d6 6. b3 Bg4 7. c4 Nc6 8. Nc3 e5 9. h3 Bxf3 10. Bxf3 exd4
11. exd4 Nd7 12. Be3 Re8 13. Re1 Rb8 14. Nd5 Ne7 15. Nxe7+ Rxe7 16. Rc1 c6 17. Bg5 f6 18. Bh4 Rxe1+ 19. Qxe1 g5 20. Bg3 Bf8
21. Qe6+ Kh8 22. Be4 Qe8 23. Qf5 Qf7 24. Re1 Re8 25. Re3 Be7 26. Qxd7 Rd8 27. Qxb7 d5 28. cxd5 cxd5 29. Bf5 Re8 30. Bd6
1-0

[Event "Winter Blitz"]
[Site "SchemingMind.com"]
[Date "2007.01.23"]
[Round "-"]
[White "Efren ramos"]
[Black "tacticrules"]
[Result "0-1"]
[WhiteCountry "NCA"]
[BlackCountry "GER"]
[WhiteElo "1804"]
[WhiteRD "88"]
[BlackElo "1573"]
[BlackRD "53"]
[GameID "88163"]

1. d4 Nf6 2. c4 g6 3. Nc3 Bg7 4. e4 d6 5. f3 O-O 6. Be3 e5 7. d5 Nbd7 8. Bd3 Nc5 9. Nge2 Nfd7 10. O-O f5
11. b4 Nxd3 12. Qxd3 f4 13. Bf2 g5
0-1

[Event "Winter Blitz"]
[Site "SchemingMind.com"]
[Date "2007.01.22"]
[Round "-"]
[White "jp781"]
[Black "tacticrules"]
[Result "1-0"]
[WhiteCountry "USA"]
[BlackCountry "GER"]
[WhiteElo "1882"]
[WhiteRD "91"]
[BlackElo "1573"]
[BlackRD "53"]
[GameID "88164"]

1. e4 c5 2. Nf3 g6 3. c3 Bg7 4. d4 cxd4 5. cxd4 d5 6. e5 Nc6 7. Bb5 Bd7 8. O-O Qb6 9. Nc3 a6 10. Nxd5 Qd8
11. Bc4 e6 12. Nf4 Nge7 13. Re1 O-O 14. d5 exd5 15. Nxd5 Nxd5 16. Bxd5 Re8 17. Ng5 Be6 18. Nxe6 fxe6 19. Bxc6 Qxd1 20. Rxd1 bxc6
21. f4 Rad8 22. Rxd8
1-0

[Event "Winter Blitz"]
[Site "SchemingMind.com"]
[Date "2007.01.25"]
[Round "-"]
[White "ekulrac"]
[Black "Zugzwang"]
[Result "1-0"]
[WhiteCountry "SCO"]
[BlackCountry "CAN"]
[WhiteElo "1712"]
[WhiteRD "49"]
[BlackElo "1446"]
[BlackRD "58"]
[GameID "88633"]

1. e4 e5 2. Nf3 Nf6 3. Nxe5 d6 4. Nf3 Nxe4 5. d3 Nf6 6. Be2 Be7 7. O-O O-O 8. Nc3 c5 9. d4 Nc6 10. d5 Ne5
11. Nxe5 dxe5 12. a4 Bf5 13. Bg5 h6 14. Bxf6 Bxf6 15. Bc4 Qb6 16. Nb5 e4 17. c3 Rad8 18. a5 Qa6 19. Qe2 Bg6 20. Rfd1 Rfe8
21. Nc7
1-0

[Event "Winter Blitz"]
[Site "SchemingMind.com"]
[Date "2007.01.25"]
[Round "-"]
[White "ekulrac"]
[Black "Efren ramos"]
[Result "0-1"]
[WhiteCountry "SCO"]
[BlackCountry "NCA"]
[WhiteElo "1712"]
[WhiteRD "49"]
[BlackElo "1804"]
[BlackRD "88"]
[GameID "88634"]

1. e4 c5 2. Nf3 Nc6 3. d4 cxd4 4. Nxd4 Nf6 5. Nc3 e5 6. Nf5 d5 7. exd5 Bxf5 8. dxc6 bxc6 9. Be2 Bb4 10. O-O O-O
11. Bd2 a5 12. Qc1 Nd5 13. Nxd5 cxd5 14. f4 e4 15. c3 Bc5+ 16. Be3 Qb6 17. Bd4 Bxd4+ 18. cxd4 Qxd4+ 19. Kh1 Rac8 20. Qd1 Qxb2
0-1

[Event "Winter Blitz"]
[Site "SchemingMind.com"]
[Date "2007.01.26"]
[Round "-"]
[White "ekulrac"]
[Black "tacticrules"]
[Result "1-0"]
[WhiteCountry "SCO"]
[BlackCountry "GER"]
[WhiteElo "1712"]
[WhiteRD "49"]
[BlackElo "1573"]
[BlackRD "53"]
[GameID "88635"]

1. e4 c5 2. Nf3 e6 3. d4 cxd4 4. Nxd4 Nf6 5. Bd3 Nc6 6. Nb3 d5 7. exd5 exd5 8. O-O Be7 9. Nc3 O-O 10. Bg5 h6
11. Bh4 Be6 12. Bxf6 Bxf6 13. f4 d4 14. Ne4 Be7 15. f5 Bxb3 16. f6 Bxc2 17. Qg4 Bxf6 18. Nxf6+ Kh8 19. Bxc2 gxf6 20. Qf5 d3
21. Bxd3
1-0

[Event "Winter Blitz"]
[Site "SchemingMind.com"]
[Date "2007.01.26"]
[Round "-"]
[White "ekulrac"]
[Black "jp781"]
[Result "0-1"]
[WhiteCountry "SCO"]
[BlackCountry "USA"]
[WhiteElo "1712"]
[WhiteRD "49"]
[BlackElo "1882"]
[BlackRD "91"]
[GameID "88636"]

1. e4 c5 2. Nf3 d6 3. d4 cxd4 4. Nxd4 Nf6 5. Nc3 g6 6. Be2 Bg7 7. O-O a6 8. Be3 O-O 9. f3 e5 10. Nb3 Nc6
11. Qd2 Be6 12. Rfd1 Ne8 13. Bh6 Qc7 14. Bxg7 Kxg7 15. a3 Rd8 16. Nd5 Qd7 17. c4 f5 18. Rac1 f4 19. c5 Ne7 20. Nb6 Qc7
21. Nd5 Qd7 22. Nb6 Qc7 23. Nd5 Nxd5 24. exd5 Bf7 25. c6 Qb6+ 26. Kh1 Qxb3 27. c7 Rc8 28. Rc3 Qb6 29. Rdc1 Nxc7 30. Qc2 Bxd5
31. Rxc7+ Rxc7 32. Qxc7+ Qxc7 33. Rxc7+ Rf7 34. Rc3 Kf6 35. Rd3 Ke6 36. b3 Rc7 37. Kg1 Rc1+ 38. Kf2 Rc2 39. a4 a5 40. h3 Bc6
41. Rd1 h5 42. h4 b5
0-1

[Event "Winter Blitz"]
[Site "SchemingMind.com"]
[Date "2007.01.25"]
[Round "-"]
[White "Zugzwang"]
[Black "ekulrac"]
[Result "1/2-1/2"]
[WhiteCountry "CAN"]
[BlackCountry "SCO"]
[WhiteElo "1446"]
[WhiteRD "58"]
[BlackElo "1712"]
[BlackRD "49"]
[GameID "88637"]

1. d4 d5 2. Nf3 Nf6 3. e3 e6 4. Bd3 Nbd7 5. O-O Bd6 6. Nbd2 e5 7. dxe5 Bxe5 8. Qe2 O-O 9. e4 d4 10. c4 c5
11. Nxe5 Nxe5 12. Nb3 b6 13. f4 Nxd3 14. Qxd3 Bb7 15. e5 Ne4 16. Nd2 Nxd2 17. Bxd2 Rc8 18. Rac1 Qe7 19. Rfe1 Qh4 20. Re2 Qh5
21. Rce1 Rfe8 22. f5 Qg4 23. Qg3 Qxg3 24. hxg3 b5 25. cxb5 c4 26. f6 c3 27. bxc3 dxc3 28. Bf4 Rc5 29. Be3 Rcxe5 30. Kf2 gxf6
31. Bd4 Rxe2+ 32. Rxe2 Rxe2+ 33. Kxe2 Bd5 34. Bxc3 Bc4+ 35. Ke3 Bxb5 36. Bxf6 Kf8 37. Kd4 Bc6 38. Kc5 Bxg2 39. Kb5 Bf1+ 40. Kc6 Ke8
41. Kb7 Bc4 42. Kxa7 Bxa2 43. Kb6 Kd7 44. Kc5 Ke6 45. Bh4 Kf5 46. Kd4 h5=
1/2-1/2

[Event "Winter Blitz"]
[Site "SchemingMind.com"]
[Date "2007.01.25"]
[Round "-"]
[White "Efren ramos"]
[Black "ekulrac"]
[Result "1-0"]
[WhiteCountry "NCA"]
[BlackCountry "SCO"]
[WhiteElo "1804"]
[WhiteRD "88"]
[BlackElo "1712"]
[BlackRD "49"]
[GameID "88638"]

1. d4 Nf6 2. c4 g6 3. Nc3 Bg7 4. e4 d6 5. Nf3 O-O 6. Be2 Nbd7 7. O-O c5 8. d5 a6 9. h3 Nh5 10. Ne1 Nhf6
11. Nd3 Ne5 12. Nxe5 dxe5 13. Be3 h5 14. Bxc5 Ne8 15. Qb3 Nd6 16. Bb6 Qe8 17. c5 Nb5 18. Bxb5 axb5 19. Nxb5 Bd7 20. Nc7 Qc8
21. Nxa8 Qxa8 22. a4 Kh7 23. Rfc1 f5 24. exf5 Rxf5 25. a5 e4 26. a6 bxa6 27. c6 Bc8 28. Be3 Be5 29. Rc4 a5 30. Rxe4 Ba6
31. Rxa5 Qc8 32. Qa3 Be2 33. Qxe7+ Kh8 34. Ra7 Qg8 35. Rxe5
1-0

[Event "Winter Blitz"]
[Site "SchemingMind.com"]
[Date "2007.01.26"]
[Round "-"]
[White "tacticrules"]
[Black "ekulrac"]
[Result "0-1"]
[WhiteCountry "GER"]
[BlackCountry "SCO"]
[WhiteElo "1573"]
[WhiteRD "53"]
[BlackElo "1712"]
[BlackRD "49"]
[GameID "88639"]

1. e4 Nc6 2. d4 e5 3. d5 Nce7 4. c4 Ng6 5. Nc3 Bb4 6. Bd3 Bxc3+ 7. bxc3 d6 8. Nf3 Nf6 9. O-O O-O 10. h3 Nh5
11. Ne1 Nhf4 12. Be3 Nxd3 13. Nxd3 f5 14. exf5 Bxf5 15. f4 Bxd3 16. Qxd3 exf4 17. Bd2 Qf6 18. Rae1 Ne5 19. Qd4 f3 20. g3 Qg6
21. Kh2 f2 22. Rxf2 Nf3+ 23. Rxf3 Rxf3 24. Bf4 Qc2+ 25. Qd2 Rf2+
0-1

[Event "Winter Blitz"]
[Site "SchemingMind.com"]
[Date "2007.01.26"]
[Round "-"]
[White "jp781"]
[Black "ekulrac"]
[Result "1/2-1/2"]
[WhiteCountry "USA"]
[BlackCountry "SCO"]
[WhiteElo "1882"]
[WhiteRD "91"]
[BlackElo "1712"]
[BlackRD "49"]
[GameID "88640"]

1. e4 Nc6 2. d4 e5 3. d5 Nce7 4. Nc3 Ng6 5. Nf3 Bb4 6. Bd2 Nf6 7. Bd3 O-O 8. O-O Bxc3 9. Bxc3 d6 10. h3 h6
11. Bd2 Nh7 12. c4 f5 13. Qc2 f4 14. c5 Nh4 15. Be2 Ng5 16. Qd3 Nxe4 17. Qxe4 Bf5 18. Qc4 e4 19. Nxh4 Qxh4 20. Bg4 Bxg4
21. hxg4 f3 22. Qxe4 Rae8 23. Qd4 h5 24. Bc3 Re5 25. gxh5 Qg5 26. g3 Qxh5 27. Qh4 Qxh4 28. gxh4 Rh5 29. Kh2 Rf4 30. Kg3 Rhxh4
31. Rh1 Rhg4+ 32. Kh3 Rh4+ 33. Kg3 Rhg4+ 34. Kh2 Rh4+ 35. Kg3 Rhg4+ 36. Kh3 Rh4+ 37. Kg3=
1/2-1/2

[Event "Winter Blitz"]
[Site "SchemingMind.com"]
[Date "2007.01.25"]
[Round "-"]
[White "Adunatos"]
[Black "Zugzwang"]
[Result "1-0"]
[WhiteCountry "NED"]
[BlackCountry "CAN"]
[WhiteElo "2060"]
[WhiteRD "102"]
[BlackElo "1485"]
[BlackRD "58"]
[GameID "88703"]

1. d4 f5 2. e4 fxe4 3. Nc3 Nf6 4. Bg5 b6 5. f3 e3 6. d5 Bb7 7. Qd4 d6 8. O-O-O c6 9. Qxe3 c5 10. Nh3 a6
11. Nf4 Nbd7 12. Ne6 Qc8 13. Bd3 c4 14. Bf5 b5 15. Rhe1 Qc5 16. Nxc5
1-0

[Event "Winter Blitz"]
[Site "SchemingMind.com"]
[Date "2007.01.25"]
[Round "-"]
[White "Adunatos"]
[Black "Efren ramos"]
[Result "1-0"]
[WhiteCountry "NED"]
[BlackCountry "NCA"]
[WhiteElo "2214"]
[WhiteRD "66"]
[BlackElo "1801"]
[BlackRD "88"]
[GameID "88704"]

1. d4 d5 2. c4 c6 3. Nf3 Nf6 4. Nc3 dxc4 5. a4 Bf5 6. Ne5 Nbd7 7. Nxc4 Nd5 8. f3 Nxc3 9. bxc3 e5 10. e4 Be6
11. Rb1 b6 12. Nxe5 Nxe5 13. dxe5 Bc5 14. Qxd8+ Rxd8 15. Be2 O-O 16. h4 f5 17. exf6 gxf6 18. Bh6 Rfe8 19. g4 Rd7 20. Rh2 Kh8
21. h5 Bf7 22. Ba6 Red8 23. Rd2 Rxd2 24. Bxd2 Ba2 25. Rb2 Be6 26. Bf4 Kg7 27. Rd2 Rd7 28. Rxd7+ Bxd7 29. Bb8 b5 30. a5 b4
31. Kd2 bxc3+ 32. Kxc3 Bf2 33. Kd3 Be1 34. Bc7 Bb4 35. Kc4 c5 36. Bb5 Be6+ 37. Kd3 Bb3 38. Bb6 Bd1 39. a6 Bxf3 40. Bxa7 Bg2
41. Ke3
1-0

[Event "Winter Blitz"]
[Site "SchemingMind.com"]
[Date "2007.01.25"]
[Round "-"]
[White "Adunatos"]
[Black "tacticrules"]
[Result "1-0"]
[WhiteCountry "NED"]
[BlackCountry "GER"]
[WhiteElo "2214"]
[WhiteRD "66"]
[BlackElo "1554"]
[BlackRD "51"]
[GameID "88705"]

1. d4 Nf6 2. c4 e6 3. Nf3 d5 4. g3 Bb4+ 5. Bd2 a5 6. Bg2 Bxd2+ 7. Qxd2 dxc4 8. Ne5 c6 9. Na3 O-O 10. O-O Nd5
11. Naxc4 Nd7 12. Nxd7 Bxd7 13. e4 Nf6 14. Rac1 Rc8 15. Qxa5 Qe7 16. Qc5 Qxc5 17. dxc5 Rfd8 18. f4 Be8 19. Nd6 Rc7 20. e5 Nd5
21. Rfe1 Rcd7 22. Kf2 f6 23. exf6 Nxf6 24. Bh3 Bf7 25. Bxe6 Bxe6 26. Rxe6 Nd5 27. Rce1 h6 28. Re8+ Kh7 29. Rxd8 Rxd8 30. Re6 Rd7
31. a3
1-0

[Event "Winter Blitz"]
[Site "SchemingMind.com"]
[Date "2007.01.25"]
[Round "-"]
[White "Adunatos"]
[Black "ekulrac"]
[Result "1-0"]
[WhiteCountry "NED"]
[BlackCountry "SCO"]
[WhiteElo "2060"]
[WhiteRD "102"]
[BlackElo "1711"]
[BlackRD "53"]
[GameID "88706"]

1. d4 d5 2. c4 e6 3. Nc3 f5 4. Nf3 Nf6 5. Bf4 c6 6. e3 Be7 7. Bd3 Ne4 8. O-O O-O 9. h3 Nd7 10. Ne5 Nxe5
11. Bxe5 Bd6 12. Bxd6 Qxd6 13. Rc1 Bd7 14. Ne2 Rf6 15. Qe1 Rh6 16. f3 Ng5 17. Qd2 Qe7 18. b3 Nf7 19. e4 fxe4 20. fxe4 dxe4
21. Bxe4 Qh4 22. Rf4 Qg5 23. Rcf1 e5 24. dxe5 Bxh3 25. Nd4 Nxe5 26. Rf8+
1-0

[Event "Winter Blitz"]
[Site "SchemingMind.com"]
[Date "2007.01.26"]
[Round "-"]
[White "Adunatos"]
[Black "jp781"]
[Result "1-0"]
[WhiteCountry "NED"]
[BlackCountry "USA"]
[WhiteElo "2189"]
[WhiteRD "69"]
[BlackElo "1882"]
[BlackRD "91"]
[GameID "88707"]

1. d4 Nf6 2. c4 g6 3. Nc3 Bg7 4. e4 d6 5. Be2 O-O 6. Bg5 c5 7. d5 e6 8. Qd2 Bd7 9. h4 h5 10. O-O-O Qa5
11. g4 a6 12. gxh5 gxh5 13. Bxf6 Bxf6 14. Nh3 Kh7 15. Ng5+ Kh8 16. dxe6 Bxe6 17. Nxe6 fxe6 18. Qh6+ Kg8 19. Rhg1+ Kf7 20. Qh7+ Ke8
21. Rxd6 Rf7 22. Rxe6+ Re7 23. Rd1 Nd7 24. Qg8+ Nf8 25. Bxh5#
1-0

[Event "Winter Blitz"]
[Site "SchemingMind.com"]
[Date "2007.01.26"]
[Round "-"]
[White "Zugzwang"]
[Black "Adunatos"]
[Result "0-1"]
[WhiteCountry "CAN"]
[BlackCountry "NED"]
[WhiteElo "1446"]
[WhiteRD "58"]
[BlackElo "2189"]
[BlackRD "69"]
[GameID "88708"]

1. d4 Nf6 2. Nf3 d5 3. e3 c5 4. c3 e6 5. Bd3 Nc6 6. O-O Bd6 7. Nbd2 O-O 8. Qe2 Qc7 9. dxc5 Bxc5 10. e4 Bd7
11. exd5 exd5 12. Nb3 Rfe8 13. Qc2 Bd6 14. Bg5 Ne4 15. Rae1 Nxg5 16. Nxg5 Bxh2+ 17. Kh1 Bf4 18. Bxh7+ Kf8 19. Bg8 Bxg5 20. Qh7 Bf6
21. Qh8 Ne5 22. f4 Ng6 23. Qh7 Bb5 24. Rxe8+ Rxe8 25. Rf3 Nxf4 26. Rg3 Re1+ 27. Kh2 Ne2
0-1

[Event "Winter Blitz"]
[Site "SchemingMind.com"]
[Date "2007.01.26"]
[Round "-"]
[White "Efren ramos"]
[Black "Adunatos"]
[Result "0-1"]
[WhiteCountry "NCA"]
[BlackCountry "NED"]
[WhiteElo "1801"]
[WhiteRD "88"]
[BlackElo "2214"]
[BlackRD "66"]
[GameID "88709"]

1. d4 Nf6 2. c4 g6 3. Nc3 d5 4. Nf3 Bg7 5. Bf4 O-O 6. e3 c5 7. dxc5 Qa5 8. Qb3 Na6 9. cxd5 Nxd5 10. Be5 Nf6
11. Bxa6 Qxa6 12. Qb5 Qxb5 13. Nxb5 Bd7 14. Nc3 Rfc8 15. Rd1 Bc6 16. b4 b6 17. O-O bxc5 18. b5 Bb7 19. a4 Rd8 20. a5 c4
21. a6 Bxf3 22. gxf3 Nd7 23. Bxg7 Kxg7 24. Rd4 Nb6 25. Rfd1 Rxd4 26. Rxd4 h6 27. Kf1 Rc8 28. Ke1 Rc5 29. Kd2 Rh5 30. h4 g5
31. hxg5 Rxg5 32. Rg4 Rg6 33. Kc2 h5 34. Rh4 Rg2 35. Nd1 Kg6 36. Kd2 Kg5 37. Rh1 h4 38. Ke2 Kh5 39. e4 Rg5 40. Nc3 Rg8
41. f4 e6 42. Rd1 h3 43. Kf3 Kh4 44. Ne2 h2
0-1

[Event "Winter Blitz"]
[Site "SchemingMind.com"]
[Date "2007.01.26"]
[Round "-"]
[White "tacticrules"]
[Black "Adunatos"]
[Result "0-1"]
[WhiteCountry "GER"]
[BlackCountry "NED"]
[WhiteElo "1573"]
[WhiteRD "53"]
[BlackElo "2189"]
[BlackRD "69"]
[GameID "88710"]

1. e4 c5 2. Nc3 Nc6 3. f4 e6 4. Nf3 d5 5. exd5 exd5 6. Bb5 Nf6 7. O-O Be7 8. Re1 O-O 9. d3 Nd4 10. Be3 Nxf3+
11. Qxf3 d4 12. Bxd4 cxd4 13. Ne4 Qb6 14. Ba4 Qxb2 15. Qe2 Nxe4 16. Qxe4 Bh4 17. Reb1 Qc3 18. f5 Bg5 19. Bb3 Bd7 20. h4 Rae8
21. Qg4 Be3+ 22. Kh1 Re5 23. Rf1 Rxf5 24. Rxf5 Qxa1+ 25. Kh2 Qg1+ 26. Kh3 g6
0-1

[Event "Winter Blitz"]
[Site "SchemingMind.com"]
[Date "2007.01.26"]
[Round "-"]
[White "ekulrac"]
[Black "Adunatos"]
[Result "0-1"]
[WhiteCountry "SCO"]
[BlackCountry "NED"]
[WhiteElo "1711"]
[WhiteRD "53"]
[BlackElo "2060"]
[BlackRD "102"]
[GameID "88711"]

1. e4 c5 2. Nf3 e6 3. d4 cxd4 4. Nxd4 Nf6 5. Bd3 a6 6. O-O d6 7. Nd2 Be7 8. Kh1 Nbd7 9. f4 Nc5 10. b4 Nxd3
11. cxd3 O-O 12. N2b3 e5 13. Nf3 exf4 14. Bxf4 d5 15. a3 dxe4 16. dxe4 Qxd1 17. Raxd1 Nxe4 18. Rde1 f5 19. g4 fxg4 20. Nfd4 g5
21. Rxe4 Bd8 22. Rg1 gxf4 23. Nc5 b6 24. Nce6 h5 25. h3 Bb7
0-1

[Event "Winter Blitz"]
[Site "SchemingMind.com"]
[Date "2007.01.26"]
[Round "-"]
[White "jp781"]
[Black "Adunatos"]
[Result "0-1"]
[WhiteCountry "USA"]
[BlackCountry "NED"]
[WhiteElo "1911"]
[WhiteRD "91"]
[BlackElo "2214"]
[BlackRD "66"]
[GameID "88712"]

1. e4 c5 2. Nf3 e6 3. d4 cxd4 4. Nxd4 Nf6 5. Nc3 d6 6. g4 h6 7. h4 Be7 8. Qf3 Nc6 9. Bb5 Bd7 10. Nxc6 bxc6
11. Bd3 h5 12. g5 Ng4 13. Bd2 Ne5 14. Qg3 Nxd3+ 15. cxd3 O-O 16. f4 Qb6 17. b3 d5 18. e5 Bb4 19. Qf2 c5 20. O-O Bc6
21. Rfd1 a5 22. Ne2 d4 23. Ng3 g6 24. Qe2 a4 25. bxa4 Rxa4 26. Ne4 Bxe4 27. Qxe4 Rb8 28. Rdb1 Qa7 29. Bxb4 cxb4 30. Qe2 Ra3
31. Qd1 Rxa2 32. Rxa2 Qxa2 33. Rb3 Rc8 34. Rxb4 Rc2 35. Qf1 Rh2 36. Rxd4 Rxh4 37. Qd1 Qh2+ 38. Kf1 Qg3 39. Rd8+ Kg7 40. Qb3 Rxf4+
41. Ke2 Rf2+ 42. Kd1 Qg1#
0-1